00357nam a2200133 a 4500008004100000020001800041050001600059100001600075245005500091260003200146300001900178350001000197650001600207160414s2009 ||||||||||||||||| || u a9781843924029 aHV 6025 Key aNewburn Tim10aKey Readings in CriminologycEdited by Tim Newburn aUKbWillan Publishingc2009 axx, 908p.: ill a69.95 0aCRIMINOLOGY